<?xml version="1.0" encoding="UTF-8"?>
<record
    xmlns:xsi="http://www.w3.org/2001/XMLSchema-instance"
    xsi:schemaLocation="http://www.loc.gov/MARC21/slim http://www.loc.gov/standards/marcxml/schema/MARC21slim.xsd"
    xmlns="http://www.loc.gov/MARC21/slim">

  <leader>00778nam a22001577a 4500</leader>
  <controlfield tag="008">230712b        |||||||| |||| 00| 0 eng d</controlfield>
  <datafield tag="040" ind1=" " ind2=" ">
    <subfield code="a">National Science Library</subfield>
    <subfield code="c">National Science Library</subfield>
  </datafield>
  <datafield tag="080" ind1=" " ind2=" ">
    <subfield code="a">502.75(082.2)</subfield>
    <subfield code="b">N8</subfield>
  </datafield>
  <datafield tag="245" ind1=" " ind2=" ">
    <subfield code="a">&#x930;&#x93E;&#x937;&#x94D;&#x91F;&#x94D;&#x930;&#x940;&#x92F; &#x935;&#x948;&#x91C;&#x94D;&#x91E;&#x93E;&#x928;&#x93F;&#x915; &#x939;&#x93F;&#x902;&#x926;&#x940; &#x938;&#x902;&#x917;&#x94B;&#x937;&#x94D;&#x920;&#x940;: </subfield>
    <subfield code="b">&#x91C;&#x948;&#x935;&#x93F;&#x915; &#x938;&#x902;&#x938;&#x94D;&#x927;&#x93E;&#x928;&#x94B;&#x902; &#x915;&#x93E; &#x938;&#x902;&#x930;&#x915;&#x94D;&#x937;&#x923; &#x914;&#x930; &#x938;&#x93E;&#x925;&#x93F;&#x92F;&#x94B; &#x909;&#x92A;&#x92F;&#x94B;&#x917;&#x940; 26-27 March 1998</subfield>
  </datafield>
  <datafield tag="246" ind1=" " ind2=" ">
    <subfield code="a">Raashtreey vaigyaanik hindee sangoshthee:</subfield>
    <subfield code="b">Jaivaik sansdhano ka sanrshan aur sathiyo upyogi  26-27 March 1998</subfield>
  </datafield>
  <datafield tag="260" ind1=" " ind2=" ">
    <subfield code="a">Himachal pardesh: </subfield>
    <subfield code="b">Himlaya Jaivparsad Science Institute, </subfield>
    <subfield code="c">1998</subfield>
  </datafield>
  <datafield tag="300" ind1=" " ind2=" ">
    <subfield code="a">70p. </subfield>
  </datafield>
  <datafield tag="490" ind1=" " ind2=" ">
    <subfield code="a">&#x938;&#x94D;&#x92E;&#x930;&#x93F;&#x915;&#x93E;, </subfield>
  </datafield>
  <datafield tag="650" ind1=" " ind2=" ">
    <subfield code="a">Science </subfield>
  </datafield>
  <datafield tag="942" ind1=" " ind2=" ">
    <subfield code="2">udc</subfield>
    <subfield code="c">BK</subfield>
  </datafield>
  <datafield tag="999" ind1=" " ind2=" ">
    <subfield code="c">51820</subfield>
    <subfield code="d">51820</subfield>
  </datafield>
  <datafield tag="952" ind1=" " ind2=" ">
    <subfield code="0">0</subfield>
    <subfield code="1">0</subfield>
    <subfield code="2">udc</subfield>
    <subfield code="4">0</subfield>
    <subfield code="6">502750822_N8</subfield>
    <subfield code="7">0</subfield>
    <subfield code="9">82395</subfield>
    <subfield code="a">NSL</subfield>
    <subfield code="b">NSL</subfield>
    <subfield code="c">GF/Rk-1/C-9/R-2</subfield>
    <subfield code="d">1988-12-08</subfield>
    <subfield code="l">0</subfield>
    <subfield code="o">502.75(082.2) N8</subfield>
    <subfield code="p">178162</subfield>
    <subfield code="r">2023-07-12 00:00:00</subfield>
    <subfield code="w">1988-12-08</subfield>
    <subfield code="y">BK</subfield>
  </datafield>
</record>
